Online
Catalog

La vuelta al mundo sin maleta / (Record no. 23724)

MARC details
000 -CABECERA
campo de control de longitud fija 01085nam a2200229 a 4500
001 - NÚMERO DE CONTROL
campo de control 000024230
005 - FECHA Y HORA DE LA ÚLTIMA TRANSACCIÓN
campo de control 20240510073819.0
008 - DATOS DE LONGITUD FIJA--INFORMACIÓN GENERAL
campo de control de longitud fija 100211s1994 dr g 000 0 spa d
040 ## - FUENTE DE LA CATALOGACIÓN
Centro catalogador/agencia de origen DO-SdBNP
Lengua de catalogación spa
Centro/agencia transcriptor BNPHU
082 ## - NÚMERO DE LA CLASIFICACIÓN DECIMAL DEWEY
Número de clasificación 266.023
Número de documento/Ítem T183v
100 1# - ENTRADA PRINCIPAL--NOMBRE DE PERSONA
Nombre de persona Tardif, Emiliano,
Fechas asociadas al nombre 1928-1999
9 (RLIN) 35030
245 13 - MENCIÓN DE TÍTULO
Título La vuelta al mundo sin maleta /
Mención de responsabilidad, etc. Emiliano Tardif, José H. Prado Flores.
260 ## - PUBLICACIÓN, DISTRIBUCIÓN, ETC.
Lugar de publicación, distribución, etc. Santo Domingo :
Nombre del editor, distribuidor, etc. Ediciones MSC,
Fecha de publicación, distribución, etc. 1994.
300 ## - DESCRIPCIÓN FÍSICA
Extensión 190 p. ;
Dimensiones 21 cm.
505 0# - NOTA DE CONTENIDO CON FORMATO
Información miscelánea Introducción --
Título I: Tour por el mundo:
-- La vuelta al mundo sin maleta --
-- América Latina --
-- Africa --
-- Europa --
-- Australia --
-- Las islas remotas --
-- Canada --
-- II: Seminario de vida en el espíritu:
-- El amor de Dios --
-- El pecado --
-- La salvación en Cristo Jesús --
-- Fe y conversión --
-- Don del espíritu --
-- La comunidad --
-- Enseñarnos a orar.
590 ## - NOTA LOCAL (RLIN)
Nota local Inventariado, 2018/ YL
650 #4 - PUNTO DE ACCESO ADICIONAL DE MATERIA--TÉRMINO DE MATERIA
Término de materia o nombre geográfico como elemento de entrada Evangelización
9 (RLIN) 476
650 #4 - PUNTO DE ACCESO ADICIONAL DE MATERIA--TÉRMINO DE MATERIA
Término de materia o nombre geográfico como elemento de entrada Misiones
Subdivisión general Iglesia católica
9 (RLIN) 35031
650 #0 - PUNTO DE ACCESO ADICIONAL DE MATERIA--TÉRMINO DE MATERIA
Término de materia o nombre geográfico como elemento de entrada Vida cristiana
9 (RLIN) 668
700 1# - PUNTO DE ACCESO ADICIONAL--NOMBRE DE PERSONA
Nombre de persona Prado Flores, José H.
9 (RLIN) 10971
910 ## - DATOS DE OPCIÓN DEL USUARIO (OCLC)
Datos de opción del usuario Validado. Control de calidad BNPHU
Holdings
Estado de retiro Estado de pérdida No para préstamo Código de colección Localización permanente Ubicación/localización actual Ubicación en estantería Fecha de adquisición Número de inventario Total de préstamos Signatura topográfica completa Código de barras Fecha visto por última vez Precio válido a partir de Tipo de ítem Koha
    Excluido de préstamo Patrimonio Dominicano Patrimonio Dominicano Patrimonio Dominicano Depósito 25.01.2011 LF1   100 A256f, 1981 24230-10 25.06.2020 25.06.2020 Libro y Folleto Colección Patrimonio Dominicano

Powered by Koha